Culture Générale - Série 2397 - Statistiques

Statistiques générales
  • Ce quiz a été pris 133 fois
  • Le résultat moyen est 4 sur 10
Statistiques - réponses
Question Réponse % Correct
Quel pays a été le théâtre de la révolution des Œillets en 1974 ? Portugal
78%
Comment dit-on au revoir en Breton ? kenavo
60%
Dans quel pays est née Sylvie Vartan ? Bulgarie
59%
Dans quel film sur la danse classique Natalie Portman a-t-elle le rôle principal ? - titre en anglais - 2 mots black swan
54%
Dans quel pays une insurrection fut-elle écrasée en 1956 par l'URSS ? Hongrie
46%
Dans quel pays la révolution de Velours a-t-elle eu lieu en 1989 ? Tchécoslovaquie
43%
Quelle est la grande figure féminine de la Commune de Paris (1848) ? prénom et nom Louise Michel
36%
Quel mot populaire de 7 lettres commençant par " l " désigne un garçon de café ? loufiat
17%
En botanique, qu'est-ce qu'un ciboulot ? oignon
16%
Sous quel nom de scène connaissait-on Hanne Karin Bayer (1940-2019) ? voir photo Anna Karina
10%
Aucun quiz correspondant
Distribution des résultats
% des personnes avec chaque résultat
Percentile par nombre de réponses
Votre historique - résultats
Vous n’avez pas pris ce quiz